Villes les plus peuplées du Portugal - Statistiques

Statistiques générales
  • Ce quiz a été pris 295 fois
  • Le résultat moyen est 7 sur 20
Statistiques - réponses
Réponse % Correct
1 Lisbonne
100%
3 Porto
98%
9 Braga
70%
16 Faro
66%
7 Coimbra
61%
5 Setubal
45%
13 Guimaraes
39%
10 Aveiro
35%
6 Funchal
32%
14 Viseu
29%
12 Leiria
28%
17 Evora
26%
2 Vila Nova de Gaia
26%
4 Amadora
22%
19 Viana do Castelo
22%
8 Almada
11%
18 Maia
7%
15 Matosinhos
6%
20 Covilhã
4%
11 Odivelas
3%
Aucun quiz correspondant
Distribution des résultats
% des personnes avec chaque résultat
Percentile par nombre de réponses
Votre historique - résultats
Vous n’avez pas pris ce quiz